| 000 | 01276nam a2200301 a 4500 | ||
|---|---|---|---|
| 001 | ebr10007381 | ||
| 003 | CaPaEBR | ||
| 006 | m u | ||
| 007 | cr cn||||||||| | ||
| 008 | 901210s1991 enka sb 001 0 eng | ||
| 010 | _z 90027021 | ||
| 020 | _z0415062195 | ||
| 040 |
_aCaPaEBR _cCaPaEBR |
||
| 035 | _a(OCoLC)51673653 | ||
| 050 | 1 | 4 |
_aHG5993 _b.A57 1991eb |
| 082 | 0 | 4 |
_a336.24/3 _220 |
| 100 | 1 |
_aAndersson, Thomas, _d1959- |
|
| 245 | 1 | 0 |
_aMultinational investment in developing countries _h[electronic resource] : _ba study of taxation and nationalization / _cThomas Andersson. |
| 260 |
_aLondon ; _aNew York : _bRoutledge, _c1991. |
||
| 300 |
_axvi, 203 p. : _bill. |
||
| 504 | _aIncludes bibliographical references (p. [184]-191) and index. | ||
| 533 |
_aElectronic reproduction. _bPalo Alto, Calif. : _cebrary, _d2013. _nAvailable via World Wide Web. _nAccess may be limited to ebrary affiliated libraries. |
||
| 650 | 0 |
_aInvestments, Foreign _zDeveloping countries. |
|
| 650 | 0 |
_aInternational business enterprises _xTaxation _zDeveloping countries. |
|
| 655 | 7 |
_aElectronic books. _2local |
|
| 710 | 2 | _aebrary, Inc. | |
| 856 | 4 | 0 |
_uhttp://site.ebrary.com/lib/rucke/Doc?id=10007381 _zAn electronic book accessible through the World Wide Web; click to view |
| 999 |
_c15413 _d15413 |
||